Drapeau avec couleurs différentes - Statistiques

Statistiques générales
  • Ce quiz a été pris 32 fois
  • Le résultat moyen est 10 sur 16
Statistiques - réponses
Par images Réponse % Correct
chypre
94%
saint marin
84%
maroc
81%
coree du nord
78%
liechtenstein
78%
syrie
69%
honduras
66%
lesotho
66%
laos/niger
63%
singapour
59%
burundi
56%
djibouti
47%
suriname
47%
vietnam
41%
birmanie
38%
st vincent et les grenadines
28%
Aucun quiz correspondant
Distribution des résultats
% des personnes avec chaque résultat
Percentile par nombre de réponses
Votre historique - résultats
Vous n’avez pas pris ce quiz